Analysis of messy data
Saved in:
| Main Authors: | , |
|---|---|
| Format: | Bog |
| Sprog: | engelsk |
| Udgivet: |
Boca Ratón
Chapman & Hall
2002
|
| Fag: | |
| Tags: |
Tilføj Tag
Ingen Tags, Vær først til at tagge denne postø!
|
MARC
| LEADER | 00000nam a2200000 a 4500 | ||
|---|---|---|---|
| 001 | UCL0595 | ||
| 003 | CL-VaPUC | ||
| 008 | 030728e20020000US |||||||||||||||||eng|d | ||
| 020 | |a 158488083X | ||
| 082 | 0 | 4 | |a 519.53 |b MIL |2 21 |
| 100 | |a Milliken, George A. |e autor |9 477257 | ||
| 700 | |a Johnson, Dallas E |e author |9 477258 | ||
| 245 | 1 | 0 | |a Analysis of messy data |
| 300 | |a v | ||
| 942 | |c BK | ||
| 945 | |d 20030728 00:00:00 |a cmena | ||
| 260 | |a Boca Ratón |b Chapman & Hall |c 2002 | ||
| 500 | |a v.3: Analysis of covariance | ||
| 650 | 0 | |a Estadística matemática |9 260028 | |
| 650 | 0 | |a Datos estadísticos |9 329380 | |
| 650 | 0 | |a Diseño experimental |9 259977 | |
| 583 | |a last modification |c 20030728 00:00:00 |k Rodrigo Vera | ||
| 999 | |c 304412 |d 304410 | ||
| 952 | |0 0 |1 0 |4 0 |6 519_530000000000000_MIL_2002 |7 0 |8 A |9 366642 |a BIBGIM |b BIBGIM |d 2019-11-21 |h v.3 |i 3875393 |o 519.53 MIL 2002 |p 3875393 |r 2025-01-15 |w 2019-11-21 |y BK |k EST | ||